01295nam a2200337Ic 450000100060000000300100000600500170001600700030003300800410003602000180007704000350009504100080013008200170013810000350015524501760019025000220036626400420038830000420043033600270047233700330049933800280053249000120056052100530057265000490062565000320067465000500070665000400075694200120079699900170080895201320082558120CO-BoRNBP20250815223213.0ta180815s2017 sp a g 000 0 spa  a9788468331713 aCO-BoRNBPbspaerdacCO-BoRNBP aspa04a004.69bT72c aTrédez, Emmanueleaut96249211a¿Cómo funcionan las redes sociales? :by todas las preguntas que planteas cuando te conectas! /cEmmanuel Trédez ; ilustraciones Halfbob ; traducción Raquel Sol... aPrimera edición 1aBarcelona, España :bEdebé,c2017 a47 páginas :bilustraciones a color atextobtxt2rdacontent asin mediaciónbn2rdamedia avolumenbnc2rdacarrier0 aSkaters aRecomendado para un público mayor de 15 años07aMedios de Comunicacion de Masas2LEMB92055307aRedes sociales2lemb92892507aTecnología de la información2LEMB91274407aTecnología educativa2lemb962493 2ddccBK c58120d58120 00102ddc40708GENaMEMAPJGAbMEMAPJGAcGENd2025-08-15l0o004.69 T72cpMPJG00541r2025-08-15 22:32:37tEj.1w2025-08-15yBK